Rozvoj zdravotníctva v Slovenskej republike v roku 1989

Gespeichert in:
Bibliographische Detailangaben
Format: Buch
Sprache:Slowakisch
Veröffentlicht: Bratislava Ústav zdravotníckych informácií a štatistiky 1990
Tags: Tag hinzufügen
Keine Tags, Fügen Sie das erste Tag hinzu!

MARC

LEADER 00000nam a2200000 4500
001 c022024
005 20251111093322.2
041 0 |a slo 
044 |a SK 
245 1 0 |a Rozvoj zdravotníctva v Slovenskej republike v roku 1989 
264 1 |a Bratislava  |b Ústav zdravotníckych informácií a štatistiky  |c 1990 
300 |a 244 s.